[Event "Nantes op 12th"]
[Site "Nantes "]
[Date "2013.12.28"]
[Round "2"]
[White "Jaulin, Philippe"]
[Black "Lambert, Romain"]
[Result "1-0"]
[WhiteElo "2181"]
[BlackElo "2085"]
[PlyCount "99"]
[EventDate "2013.12.27"]
[EventType "swiss"]
[EventRounds "7"]
[EventCountry "FRA"]
[SourceTitle "CBM 158 Extra"]
[Source "ChessBase"]
[SourceDate "2014.02.28"]
[SourceVersion "1"]
[SourceVersionDate "2014.02.28"]
[SourceQuality "1"]

1. d4 d5 2. c4 dxc4 3. Nf3 Nf6 4. e3 Bg4 5. Bxc4 e6 6. Nbd2 a6 7. h3 Bh5 8. Be2 Nc6 9. 0-0 Bd6 10. Nc4 0-0 11. Nfe5 Bxe2 12. Qxe2 Qe8 13. Bd2 b5 14. Qf3 Nxd4 15. exd4 bxc4 16. Rac1 Rb8 17. Nxc4 Qa4 18. a3 Rb3 19. Qd1 Qb5 20. Bb4 Rxb4 21. axb4 Bf4 22. Rc2 Nd5 23. g3 Bg5 24. h4 Bf6 25. Ne5 Qxb4 26. Nd7 Rd8 27. Nxf6+ Nxf6 28. Rxc7 Qxb2 29. Qd3 h5 30. Rb1 Qa2 31. Rbc1 g6 32. Rc8 Qd5 33. Qxa6 Kg7 34. Rxd8 Qxd8 35. Qc4 Qa5 36. Qc5 Qd2 37. Qc3 Qa2 38. Qc2 Qa5 39. Qc5 Qa2 40. Qe5 Qa8 41. Re1 Qd8 42. Re3 Kg8 43. Rb3 Qe7 44. Rb8+ Kg7 45. d5 Qc5 46. Rd8 Qe7 47. Rd6 Kh7 48. dxe6 Ng4 49. Qd4 Qc7 50. exf7 1-0

[Event "Le Touquet op 26th"]
[Site "Le Touquet"]
[Date "2011.10.26"]
[Round "7"]
[White "Dumas, Victor"]
[Black "Jaulin, Philippe"]
[Result "1/2-1/2"]
[WhiteElo "1965"]
[BlackElo "2162"]
[PlyCount "92"]
[EventDate "2011.10.22"]
[EventType "swiss"]
[EventRounds "9"]
[EventCountry "FRA"]
[SourceTitle "EXT 2012"]
[Source "ChessBase"]
[SourceDate "2011.11.24"]
[SourceVersion "1"]
[SourceVersionDate "2011.11.24"]
[SourceQuality "1"]

1. e4 c5 2. d4 cxd4 3. c3 Nf6 4. e5 Nd5 5. Nf3 Nc6 6. Bc4 e6 7. Bxd5 exd5 8. cxd4 d6 9. 0-0 Be7 10. Nc3 Be6 11. Bf4 0-0 12. Re1 Rc8 13. Rc1 dxe5 14. Nxe5 Nxe5 15. Bxe5 Qd7 16. Qf3 Rfe8 17. h3 f6 18. Bg3 Bf8 19. Re2 Bf7 20. Rce1 Rxe2 21. Rxe2 Rc4 22. Rd2 Qc6 23. Qf4 g5 24. Qb8 a6 25. Nd1 Be6 26. Kh2 Kg7 27. Ne3 Rc1 28. Qd8 h5 29. h4 Qc8 30. Qb6 Rc6 31. Qb3 Qd7 32. hxg5 fxg5 33. Be5+ Kg8 34. Qd3 Qh7 35. g3 Qxd3 36. Rxd3 Kh7 37. f4 gxf4 38. gxf4 Bh6 39. Rd2 Rc8 40. Kg3 Rg8+ 41. Kh2 Rf8 42. Kg3 Kg8 43. Kf3 Kh7 44. Rh2 Kg6 45. Rg2+ Kh7 46. Rh2 Kg6 1/2-1/2

[Event "Le Touquet op 26th"]
[Site "Le Touquet"]
[Date "2011.10.24"]
[Round "3"]
[White "Renard, Stephane"]
[Black "Jaulin, Philippe"]
[Result "0-1"]
[WhiteElo "1979"]
[BlackElo "2162"]
[PlyCount "64"]
[EventDate "2011.10.22"]
[EventType "swiss"]
[EventRounds "9"]
[EventCountry "FRA"]
[SourceTitle "EXT 2012"]
[Source "ChessBase"]
[SourceDate "2011.11.24"]
[SourceVersion "1"]
[SourceVersionDate "2011.11.24"]
[SourceQuality "1"]

1. f4 c5 2. Nf3 g6 3. d3 Bg7 4. e4 Nc6 5. c3 d6 6. Be2 Nf6 7. 0-0 0-0 8. Qe1 Bg4 9. Nbd2 Qc7 10. Qh4 e5 11. h3 Bxf3 12. Nxf3 exf4 13. Bxf4 Ne5 14. Nh2 Nfd7 15. Rac1 Qb6 16. Rc2 Nxd3 17. Bxd3 c4+ 18. Kh1 cxd3 19. Rd2 Rae8 20. Re1 Nc5 21. Be3 Qd8 22. Qxd8 Rxd8 23. Bd4 Bh6 24. Be3 Bxe3 25. Rxe3 Rfe8 26. Ng4 Kg7 27. e5 h5 28. Nf2 Rxe5 29. Rxe5 dxe5 30. b4 e4 31. bxc5 e3 32. Rxd3 exf2 0-1

[Event "Rohde op 10th"]
[Site "Sautron"]
[Date "2010.10.25"]
[Round "4"]
[White "De Lagontrie, Jean"]
[Black "Jaulin, Philippe"]
[Result "0-1"]
[WhiteElo "1929"]
[BlackElo "2167"]
[PlyCount "78"]
[EventDate "2010.10.23"]
[EventType "swiss"]
[EventRounds "9"]
[EventCountry "FRA"]
[SourceTitle "EXT 2012"]
[Source "ChessBase"]
[SourceDate "2011.11.24"]
[SourceVersion "1"]
[SourceVersionDate "2011.11.24"]
[SourceQuality "1"]

1. d4 Nf6 2. c4 g6 3. Nc3 d5 4. cxd5 Nxd5 5. e4 Nxc3 6. bxc3 Bg7 7. Bc4 c5 8. Ne2 Nc6 9. Be3 0-0 10. 0-0 Qc7 11. Rc1 Rd8 12. Qd2 Qa5 13. Rfd1 cxd4 14. cxd4 Qxd2 15. Rxd2 Bd7 16. Rcd1 Na5 17. Bb3 Nxb3 18. axb3 Rac8 19. d5 f5 20. f3 fxe4 21. fxe4 Bg4 22. Rb1 Bxe2 23. Rxe2 Rc3 24. Bf2 a6 25. g3 Be5 26. Kg2 Rdc8 27. b4 Rc2 28. Rxc2 Rxc2 29. Kf3 Kf7 30. Rb3 Ke8 31. h4 h5 32. Bb6 Rc3+ 33. Rxc3 Bxc3 34. Bc5 Be5 35. g4 Kd7 36. Bb6 e6 37. gxh5 gxh5 38. Ba5 Kd6 39. dxe6 Kxe6 0-1

[Event "Nantes op 8th"]
[Site "Nantes"]
[Date "2009.12.??"]
[Round "9"]
[White "Colin, Vincent"]
[Black "Jaulin, Philippe"]
[Result "0-1"]
[WhiteElo "2425"]
[BlackElo "2127"]
[PlyCount "105"]
[EventDate "2009.12.??"]
[EventType "swiss"]
[EventRounds "9"]
[EventCountry "FRA"]
[SourceTitle "CBM 134 Extra"]
[Source "ChessBase"]
[SourceDate "2010.03.03"]
[SourceVersion "1"]
[SourceVersionDate "2010.03.03"]
[SourceQuality "1"]

1. c4 e5 2. g3 Nc6 3. Bg2 Bc5 4. Nc3 Nf6 5. a3 a5 6. e3 0-0 7. Nge2 Re8 8. 0-0 Bf8 9. d4 d6 10. d5 Nb8 11. Rb1 g6 12. e4 Bg7 13. f3 c6 14. Be3 h5 15. Qd2 a4 16. dxc6 bxc6 17. Rfd1 Qa5 18. Qxd6 Be6 19. Qd3 Na6 20. Na2 Reb8 21. Bf1 Nd7 22. Qc2 Ndc5 23. Nac1 f5 24. Nc3 fxe4 25. fxe4 Rb7 26. Rd6 Rf8 27. Rxe6 Nxe6 28. Qxa4 Bh6 29. Bf2 Qxa4 30. Nxa4 Rbf7 31. Nd3 Rxf2 32. Nxf2 Be3 33. Kh1 Rxf2 34. b4 Ra2 35. Rb3 Bc1 36. b5 Nb8 37. Rb1 Rxa3 38. Nb6 Be3 39. Nc8 cxb5 40. cxb5 Kg7 41. Bc4 Nc5 42. Nd6 Bd4 43. Kg2 Ra1 44. Rxa1 Bxa1 45. h4 Nbd7 46. Kf3 Bd4 47. g4 hxg4+ 48. Kxg4 Nf6+ 49. Kf3 Ncd7 50. Be6 Nb6 51. Bh3 Kf8 52. Nb7 Ke7 53. Na5 0-1

[Event "Nantes op 8th"]
[Site "Nantes"]
[Date "2009.12.??"]
[Round "6"]
[White "Jaulin, Philippe"]
[Black "Primel, Dominique"]
[Result "1-0"]
[WhiteElo "2127"]
[BlackElo "1950"]
[PlyCount "69"]
[EventDate "2009.12.??"]
[EventType "swiss"]
[EventRounds "9"]
[EventCountry "FRA"]
[SourceTitle "CBM 134 Extra"]
[Source "ChessBase"]
[SourceDate "2010.03.03"]
[SourceVersion "1"]
[SourceVersionDate "2010.03.03"]
[SourceQuality "1"]

1. e4 c5 2. c3 Nf6 3. e5 Nd5 4. d4 cxd4 5. Nf3 e6 6. cxd4 d6 7. Bc4 Nc6 8. 0-0 Be7 9. Qe2 0-0 10. Nc3 Nxc3 11. bxc3 dxe5 12. dxe5 Qc7 13. Qe4 b6 14. Bg5 Bb7 15. Bd3 g6 16. Qh4 Rfd8 17. Be4 Rd7 18. Rfe1 Re8 19. Bxe7 Rdxe7 20. Ng5 h5 21. f4 Rd8 22. g4 Rd2 23. gxh5 Nxe5 24. fxe5 Qxe5 25. Bxb7 Qc5+ 26. Kh1 Rxb7 27. Ne4 Qc6 28. Kg1 Rd3 29. Rad1 Rxd1 30. Rxd1 Rb8 31. Nf6+ Kg7 32. h6+ Kh8 33. Ne4 Kh7 34. Ng5+ Kg8 35. h7+ 1-0

[Event "Rohde op 08th"]
[Site "Sautron"]
[Date "2008.10.31"]
[Round "8"]
[White "Schone, Claude"]
[Black "Jaulin, Philippe"]
[Result "0-1"]
[WhiteElo "1859"]
[BlackElo "2175"]
[PlyCount "48"]
[EventDate "2008.10.25"]
[EventType "swiss"]
[EventRounds "9"]
[EventCountry "FRA"]
[SourceTitle "EXT 2009"]
[Source "ChessBase"]
[SourceDate "2008.11.26"]
[SourceVersion "1"]
[SourceVersionDate "2008.11.26"]
[SourceQuality "1"]

1. d4 Nf6 2. c4 g6 3. Nc3 d5 4. cxd5 Nxd5 5. Bd2 Bg7 6. e4 Nb6 7. Be3 0-0 8. h3 a5 9. Nf3 a4 10. Bb5 f5 11. Qd2 c6 12. Be2 fxe4 13. Nxe4 Nd5 14. Rc1 Bf5 15. Ng3 Qd6 16. h4 Nd7 17. h5 e5 18. hxg6 Bxg6 19. Bh6 e4 20. Ne5 Nxe5 21. Bxg7 e3 22. fxe3 Nd3+ 23. Bxd3 Qxg3+ 24. Kd1 Nxe3+ 0-1

[Event "Rohde op 08th"]
[Site "Sautron"]
[Date "2008.10.27"]
[Round "3"]
[White "Jaulin, Philippe"]
[Black "Gallant, Jeremy"]
[Result "0-1"]
[WhiteElo "2175"]
[BlackElo "1726"]
[PlyCount "74"]
[EventDate "2008.10.25"]
[EventType "swiss"]
[EventRounds "9"]
[EventCountry "FRA"]
[SourceTitle "EXT 2009"]
[Source "ChessBase"]
[SourceDate "2008.11.26"]
[SourceVersion "1"]
[SourceVersionDate "2008.11.26"]
[SourceQuality "1"]

1. e4 c5 2. Nf3 d6 3. d4 cxd4 4. Nxd4 Nf6 5. Nc3 a6 6. Bc4 e6 7. Bb3 Nc6 8. Be3 Be7 9. Qe2 0-0 10. 0-0-0 Qc7 11. Rhg1 Na5 12. g4 Nxb3+ 13. axb3 b5 14. g5 Nd7 15. f4 Nc5 16. b4 Na4 17. Nxa4 bxa4 18. f5 d5 19. f6 Bxb4 20. exd5 exd5 21. fxg7 Re8 22. Qf2 a3 23. Kb1 axb2 24. Nb3 a5 25. Bf4 Qc4 26. Rd4 Re2 27. Rxc4 Rxf2 28. Rd4 Bf5 29. Bd2 Rc8 30. Bxb4 Bxc2+ 31. Kxb2 axb4 32. Rxb4 Be4+ 33. Ka3 Ra8+ 34. Ra4 Rxa4+ 35. Kxa4 Bc2 36. Kb4 Bxb3 37. Kxb3 Rxh2 0-1

[Event "Rohde op 08th"]
[Site "Sautron"]
[Date "2008.10.26"]
[Round "2"]
[White "Das, Arghyadip"]
[Black "Jaulin, Philippe"]
[Result "1-0"]
[WhiteElo "2404"]
[BlackElo "2175"]
[PlyCount "61"]
[EventDate "2008.10.25"]
[EventType "swiss"]
[EventRounds "9"]
[EventCountry "FRA"]
[SourceTitle "EXT 2009"]
[Source "ChessBase"]
[SourceDate "2008.11.26"]
[SourceVersion "1"]
[SourceVersionDate "2008.11.26"]
[SourceQuality "1"]

1. e4 c5 2. Nf3 d6 3. d4 cxd4 4. Nxd4 Nf6 5. Nc3 Nc6 6. Bg5 e6 7. Qd2 Be7 8. 0-0-0 0-0 9. f4 e5 10. Nf3 exf4 11. Bxf4 Qa5 12. Kb1 Be6 13. Ng5 Bg4 14. Be2 Bxe2 15. Qxe2 h6 16. Nf3 Rfe8 17. Bxd6 Bxd6 18. Rxd6 Qb4 19. Rxf6 gxf6 20. Qe3 Ne5 21. Nxe5 fxe5 22. Qxh6 Qf8 23. Qh4 Re6 24. Nd5 Qg7 25. Rf1 Qxg2 26. Qe1 Rg6 27. Ne7+ Kg7 28. Nxg6 fxg6 29. Rf2 Qg4 30. Qe2 Qe6 31. Qd3 1-0

[Event "Nantes op 7th"]
[Site "Nantes"]
[Date "2008.??.??"]
[Round "5"]
[White "Daniel, Jean Claude"]
[Black "Jaulin, Philippe"]
[Result "1-0"]
[WhiteElo "1859"]
[BlackElo "2175"]
[PlyCount "59"]
[EventDate "2008.12.26"]
[EventType "swiss"]
[EventRounds "9"]
[EventCountry "FRA"]
[SourceTitle "CBM 128 Extra"]
[Source "ChessBase"]
[SourceDate "2009.03.05"]
[SourceVersion "2"]
[SourceVersionDate "2009.03.25"]
[SourceQuality "1"]

1. d4 Nf6 2. Nf3 g6 3. Bg5 Bg7 4. Nbd2 0-0 5. e3 d6 6. Be2 c5 7. 0-0 Nc6 8. c3 Qc7 9. h3 h6 10. Bf4 b6 11. Rc1 Bb7 12. Bh2 Rad8 13. b4 cxb4 14. cxb4 Qb8 15. Qa4 Qa8 16. Nh4 Rc8 17. Qb3 Kh8 18. Bd3 Nd8 19. Rxc8 Qxc8 20. Bxg6 Bd5 21. Qb2 Qa6 22. Bb1 Ba8 23. Nf5 Rg8 24. Nxg7 Rxg7 25. Bg3 Qe2 26. Kh2 Nh5 27. e4 f5 28. d5 Nf7 29. Qc3 Nxg3 30. fxg3 1-0

[Event "Nantes op 6th"]
[Site "Nantes"]
[Date "2007.12.27"]
[Round "2"]
[White "Jaulin, Philippe"]
[Black "Abergel, Thal"]
[Result "0-1"]
[WhiteElo "2141"]
[BlackElo "2528"]
[PlyCount "66"]
[EventDate "2007.12.26"]
[EventType "swiss"]
[EventRounds "7"]
[EventCountry "FRA"]
[SourceTitle "CBM 122 Extra"]
[Source "ChessBase"]
[SourceDate "2008.03.04"]
[SourceVersion "1"]
[SourceVersionDate "2008.03.04"]
[SourceQuality "1"]

1. e4 c5 2. c3 b6 3. d4 Bb7 4. Bd3 Nf6 5. f3 d6 6. Ne2 e6 7. 0-0 Be7 8. Be3 0-0 9. Nd2 Nbd7 10. b4 Rc8 11. Qe1 Ne8 12. f4 cxd4 13. cxd4 d5 14. a3 dxe4 15. Nxe4 Nef6 16. N4c3 Nd5 17. Nxd5 Bxd5 18. f5 Nf6 19. Rd1 Qd7 20. Bg5 h6 21. Bh4 Rfe8 22. h3 a5 23. Qf2 axb4 24. axb4 Ra8 25. fxe6 Qxe6 26. Nf4 Qd6 27. Rfe1 Ra2 28. Qg3 Bb3 29. Bxf6 Qxf6 30. Nh5 Qxd4+ 31. Kh1 Bxd1 32. Rxe7 Rf8 33. Bb1 Bxh5 0-1

[Event "Nantes op 6th"]
[Site "Nantes"]
[Date "2007.12.26"]
[Round "1"]
[White "Le Goff, Ronan"]
[Black "Jaulin, Philippe"]
[Result "0-1"]
[WhiteElo "1839"]
[BlackElo "2141"]
[PlyCount "58"]
[EventDate "2007.12.26"]
[EventType "swiss"]
[EventRounds "7"]
[EventCountry "FRA"]
[SourceTitle "CBM 122 Extra"]
[Source "ChessBase"]
[SourceDate "2008.03.04"]
[SourceVersion "1"]
[SourceVersionDate "2008.03.04"]
[SourceQuality "1"]

1. d4 Nf6 2. c4 g6 3. Nc3 d5 4. cxd5 Nxd5 5. e4 Nxc3 6. bxc3 Bg7 7. Nf3 0-0 8. Be3 c5 9. Rc1 Qa5 10. Qd2 cxd4 11. cxd4 Qxd2+ 12. Nxd2 Nc6 13. Nb3 e6 14. Bb5 Bd7 15. 0-0 a6 16. Bxc6 Bxc6 17. f3 Rfd8 18. Rfd1 Ba4 19. Rd3 Bxb3 20. Rxb3 Bxd4 21. Bxd4 Rxd4 22. Rxb7 Rd2 23. Rcc7 Rf8 24. a4 Ra2 25. h3 h5 26. Ra7 h4 27. Rxa6 Rd8 28. Raa7 Rd1+ 29. Kh2 Raa1 0-1

[Event "Rohde op 07th"]
[Site "Sautron"]
[Date "2007.11.02"]
[Round "8"]
[White "Jaulin, Philippe"]
[Black "Kazakov, Mikhail"]
[Result "0-1"]
[WhiteElo "2141"]
[BlackElo "2449"]
[PlyCount "60"]
[EventDate "2007.10.27"]
[EventType "swiss"]
[EventRounds "9"]
[EventCountry "FRA"]
[SourceTitle "EXT 2008"]
[Source "ChessBase"]
[SourceDate "2007.11.25"]
[SourceVersion "1"]
[SourceVersionDate "2007.11.25"]
[SourceQuality "1"]

1. e4 d6 2. d4 g6 3. Nc3 Bg7 4. Be3 a6 5. Qd2 Nd7 6. Nf3 b5 7. a4 b4 8. Nd5 a5 9. Bb5 Bb7 10. Nf4 Bxe4 11. Ng5 Bf5 12. Bc6 Rb8 13. Rg1 Ngf6 14. Nd5 0-0 15. Nxf6+ Nxf6 16. Bf3 Ng4 17. Bxg4 Bxg4 18. f3 Bd7 19. g4 c5 20. Rg3 cxd4 21. Bxd4 Bxd4 22. Qxd4 Qb6 23. Qf4 Qc5 24. Kf1 Qe5 25. Qd2 Qxb2 26. Re1 Qc3 27. Qc1 b3 28. cxb3 Qxc1 29. Rxc1 Rxb3 30. Rc7 Rc8 0-1

[Event "Rohde op 07th"]
[Site "Sautron"]
[Date "2007.10.29"]
[Round "4"]
[White "Zozulia, Anna"]
[Black "Jaulin, Philippe"]
[Result "1-0"]
[WhiteElo "2347"]
[BlackElo "2141"]
[PlyCount "115"]
[EventDate "2007.10.27"]
[EventType "swiss"]
[EventRounds "9"]
[EventCountry "FRA"]
[SourceTitle "EXT 2008"]
[Source "ChessBase"]
[SourceDate "2007.11.25"]
[SourceVersion "1"]
[SourceVersionDate "2007.11.25"]
[SourceQuality "1"]

1. e4 c5 2. Nf3 Nc6 3. Nc3 e6 4. d4 cxd4 5. Nxd4 Nf6 6. Ndb5 d6 7. Bf4 e5 8. Bg5 a6 9. Na3 b5 10. Nd5 Qa5+ 11. Bd2 Qd8 12. c4 Nxd5 13. exd5 Nd4 14. cxb5 Be7 15. bxa6 0-0 16. Bc4 Qb6 17. Bc3 Bxa6 18. 0-0 Bxc4 19. Nxc4 Qb5 20. b3 Rfb8 21. Re1 Rb7 22. Bxd4 exd4 23. Qf3 Bf8 24. h3 Qb4 25. Re2 g6 26. Rd1 Bg7 27. Rd3 Qc5 28. a3 h5 29. Rc2 Re8 30. Rd1 Rbe7 31. b4 Re1+ 32. Rxe1 Rxe1+ 33. Kh2 Qb5 34. Qxf7+ Kxf7 35. Nxd6+ Ke7 36. Nxb5 Be5+ 37. g3 h4 38. Rd2 hxg3+ 39. fxg3 Re3 40. Nxd4 Bxg3+ 41. Kg2 Rxa3 42. Re2+ Kd7 43. Nc2 Rc3 44. Re3 Rxc2+ 45. Kxg3 Rc4 46. Rb3 Rd4 47. b5 Rxd5 48. b6 Kc8 49. b7+ Kb8 50. Kg4 Rh5 51. Rb6 Rh6 52. h4 Rh8 53. Rxg6 Kxb7 54. h5 Kc7 55. Kg5 Kd7 56. h6 Ke7 57. Rg7+ Ke6 58. h7 1-0

[Event "Rohde op 06th"]
[Site "Sautron"]
[Date "2006.11.04"]
[Round "9"]
[White "Jaulin, Philippe"]
[Black "Gallant, Aurelien"]
[Result "1/2-1/2"]
[WhiteElo "2171"]
[BlackElo "1951"]
[PlyCount "93"]
[EventDate "2006.10.28"]
[EventType "swiss"]
[EventRounds "9"]
[EventCountry "FRA"]
[SourceTitle "EXT 2007"]
[Source "ChessBase"]
[SourceDate "2006.11.23"]
[SourceVersion "1"]
[SourceVersionDate "2006.11.23"]
[SourceQuality "1"]

1. e4 c5 2. d4 cxd4 3. c3 d5 4. exd5 Qxd5 5. cxd4 Nc6 6. Nf3 Nf6 7. Nc3 Qd8 8. d5 Nb8 9. Bg5 Qb6 10. Rc1 Bd7 11. Ne5 g6 12. Nc4 Qd8 13. Bxf6 exf6 14. Qe2+ Qe7 15. Nd6+ Kd8 16. Nce4 Bg7 17. Nxb7+ Ke8 18. Ned6+ Kf8 19. Qxe7+ Kxe7 20. Rc7 f5 21. Rc2 Bd4 22. Bd3 a5 23. 0-0 Na6 24. Re1+ Kf6 25. Bxa6 Rxa6 26. Rc7 Rd8 27. Nxd8 Rxd6 28. Nb7 Rxd5 29. Nxa5 Bxb2 30. Nc4 Bd4 31. Ne3 Rd6 32. Rd1 f4 33. Rc4 Ke5 34. Nc2 Bxf2+ 35. Kxf2 Rxd1 36. Rc5+ Kd6 37. Rc3 Bb5 38. g3 fxg3+ 39. hxg3 f5 40. Ke3 g5 41. Nd4 Bd7 42. Nf3 h6 43. Rd3+ Rxd3+ 44. Kxd3 Kd5 45. Ke3 Kc4 46. Ne5+ Kb4 47. Nxd7 1/2-1/2

[Event "Rohde op 06th"]
[Site "Sautron"]
[Date "2006.10.29"]
[Round "2"]
[White "Pingue, Renaud"]
[Black "Jaulin, Philippe"]
[Result "0-1"]
[WhiteElo "1973"]
[BlackElo "2162"]
[PlyCount "62"]
[EventDate "2006.10.28"]
[EventType "swiss"]
[EventRounds "9"]
[EventCountry "FRA"]
[SourceTitle "EXT 2007"]
[Source "ChessBase"]
[SourceDate "2006.11.23"]
[SourceVersion "1"]
[SourceVersionDate "2006.11.23"]
[SourceQuality "1"]

1. e4 c5 2. Nf3 e6 3. d4 cxd4 4. Nxd4 Nf6 5. Bd3 a6 6. 0-0 Qc7 7. Qe2 d6 8. Nc3 Be7 9. Kh1 Nbd7 10. f4 h5 11. Bd2 b6 12. Nf3 Bb7 13. h3 b5 14. f5 e5 15. a4 b4 16. Na2 a5 17. Rae1 h4 18. Rc1 Nc5 19. Be1 Nfxe4 20. b3 Bf6 21. Nd2 Ng5 22. c3 Nxd3 23. Qxd3 Qc6 24. Rg1 Ba6 25. Qb1 bxc3 26. Nxc3 Rc8 27. Kh2 e4 28. Ndxe4 Nxe4 29. Nxe4 Be5+ 30. Kh1 Qxc1 31. Qxc1 Rxc1 0-1